LEADER 01540nas a2200253 i 4500 001 000000002520 003 CaOOAMICUS 005 20210823155217.0 008 180830c19759999it tr p u0 0mul r 022 $a0393-6503 040 $aSeMil$bita 245 00$aNotes et Documents :$bpour une recherche personnaliste = for a personalist approach. 260 $aRome :$b[s.n.],$c1975- 310 $aQuadrimestrale 362 0 $a1975- 510 4 $aCod. rivista ACNP:$cP 79935 710 2 $aIstituto internazionale Jacques Maritain .$0(OLS)http://semarc/name/2065 850 $aSeMil 852 $aSeMil$W1$xVenegono$y1$pCliccare per visualizzare collocazione, posseduto cumulativo e fascicoli ricevuti dell?annata corrente

Cliccare per visualizzare eventuali spogli (alla eventuale voce ?Indici? in fondo di pagina)$B227378$CSeMilBibl$Z2$F227378 $85 961 $aOmaggio. Direttore pubblicazione 996 $6022$a0393-6503$9(OLS)http://semarc/number/368 996 $6245$aNotes et Documents :$bpour une recherche personnaliste = for a personalist approach$9(OLS)http://semarc/title/4261 996 $6260$aRome :$b[s.n.]$9(OLS)http://semarc/publisher/30491 LEADER 01143nam a2200253 4500 001 000000363071 003 CaOOAMICUS 005 20250606141708.0 008 250606s2021 it 000 u ita r 020 $a978-88-85805-49-1 040 $aSeMil$bita 100 1 $aMorretta, Mattia,$d<1957- >.$0(OLS)http://semarc/name/122154 245 10$aTra di noi l'oceano :$bmodernitą di Emily Brontė ed Emily Dickinson /$cMattia Morretta. 264 1$aMilano :$bGruppo Editoriale Viator,$c2021. 300 $a304 p. ;$c20 cm 600 14$aBrontė, Emily <1818-1848>.$0(OLS)http://semarc/subject/57780 600 14$aDickinson, Emily <1830-1886>.$0(OLS)http://semarc/subject/15162 850 $aSeMil 852 $aSeMil$W1$xVenegono$y1$m1R II 93$j257948$B253946$CSeMilBibl$Z2$F253946 $81 961 $aCaspani Maurizio - Lascito 996 $6020$a978-88-85805-49-1$9(OLS)http://semarc/number/303301 996 $6245$aTra di noi l'oceano :$bmodernitą di Emily Brontė ed Emily Dickinson$9(OLS)http://semarc/title/454177 996 $6264$aMilano :$bGruppo Editoriale Viator$9(OLS)http://semarc/publisher/62396